Detalles MARC
| 000 -LIDER |
| fixed length control field |
01501nam a2200277 a 4500 |
| 001 - NÚMERO DE CONTROL |
| Identificador de número de control |
000011466 |
| 003 - IDENTIFICACDOR DE NÚMERO DE CONTROL |
| control field |
DO-SdBNP |
| 005 - DATE AND TIME OF LATEST TRANSACTION |
| control field |
20230508131845.0 |
| 008 - ELEMENTOS DE LONGITUD FIJA |
| fixed length control field |
091019s1996 dr a 000 d spa d |
| 040 ## - FUENTE DE CATALOGACIÓN |
| Agencia que crea de manera original el registro |
DO-SdBNP |
| Idioma de catalogación |
spa |
| Agencia que realiza la transcripción |
BPMSU |
| 082 #4 - NÚMERO DE CLASIFICACIÓN DECIMAL DE DEWEY |
| Classification number |
RD862.44 |
| Item number |
R696d 1996 |
| Edition number |
22 |
| 100 1# - ASIENTO PRINCIPAL -- NOMBRE PERSONAL |
| Nombre personal |
Rodríguez Fernández, Arturo, |
| Fechas asociadas con el nombre |
1948- |
| 245 10 - MENCIÓN DE TITULO |
| Título |
Dramas y comedias en ocho obras teatrales / |
| Mención de responsabilidad |
Arturo Rodríguez Fernández ; presentación Eligio Bisonó. |
| 260 ## - PUBLICACIÓN, DISTRIBUCIÓN, ETC. (PIE DE IMPRENTA) |
| Lugar de publicación, distribución, etc |
Santo Domingo : |
| Nombre del editor, distribuidor, etc. |
Banco de Reservas de la República Dominicana, |
| Fecha de publicación, distribución, etc |
1996. |
| 300 ## - DESCRIPCIÓN FÍSICA |
| Extensión |
371 p. : |
| Otros detalles físicos |
il. ; |
| Dimensiones |
23 cm. |
| 490 0# - MENCIÓN DE SERIES |
| Mención de serie |
Banreservas; |
| -- |
Literatura, |
| Volume/sequential designation |
3 |
| 490 1# - MENCIÓN DE SERIES |
| Volume/sequential designation |
v. 3 |
| 500 ## - NOTA GENERAL |
| Nota general |
Incluye datos biográficos del autor en las solapas. |
| 505 0# - NOTA DE CONTENIDO |
| Texto normalizado de contenido |
Presentación / Lic. Eligio Bisonó, administrador general del Banco de Reservas de la República Dominicana -- El viaje chino. Suspense en un acto -- palmeras al viento. Comedia en un acto y dos cuadros -- Cordón umbilical. Drama en tres actos y doce cuadros -- Hoy no toca la pianista gorda. Comedia dramatica en un acto -- Parecido a Sebastian. Comedia dramatica en un acto, cinco y ocho cuadros -- Las mujeres de enfrente. Drama en un acto, cuatro cuadros y dos paréntesis -- Todos menos Elizabet. Comedia dramatica surrealista o existencial en dos actos. |
| 590 ## - NOTA LOCAL |
| Texto de la nota local |
Inventariado, 2023/VM |
| 650 #4 - ENCABEZAMIENTO DE MATERIA--TEMÁTICO |
| Término temático o nombre geográfico como elemento de entrada |
Teatro dominicano |
| Subdivisión temática general |
Colecciones |
| 650 #4 - ENCABEZAMIENTO DE MATERIA--TEMÁTICO |
| Término temático o nombre geográfico como elemento de entrada |
Literatura dominicana. |
| 700 1# - ASIENTO SECUNDARIO -- NOMBRE PERSONAL |
| Nombre personal |
Bisonó, Eligio |
| 910 ## - VALIDACIÓN |
| Validación |
VMateo V. Control de calidad (BPMSU) |
| 942 ## - ADDED ENTRY ELEMENTS (KOHA) |
| Source of classification or shelving scheme |
Dewey Decimal Classification |
| Koha item type |
Libros |